| 000 | 00420nam a22001577a 4500 | ||
|---|---|---|---|
| 005 | 20251126160436.0 | ||
| 008 | 251126b |||||||| |||| 00| 0 eng d | ||
| 020 | _a978-1-85800-476-1 | ||
| 100 | _aHEALY, JOHN | ||
| 245 | _aMEDICAL MALPRACTICE LAW | ||
| 260 |
_aDUBLIN _bTHOMSON REUTERS _c2009 |
||
| 300 | _aLXVII, 1011P. | ||
| 500 | _aINCLUDES INDEX | ||
| 650 | _a1. MEDICAL LAWS AND LEGISLATION | ||
| 942 |
_2lcc _cBK |
||
| 999 |
_c216298 _d216298 |
||